Language in use : a pre-intermediate course : classroom book

Αποθηκεύτηκε σε:
Λεπτομέρειες βιβλιογραφικής εγγραφής
Κύριος συγγραφέας: Doff, Adrian
Άλλοι συγγραφείς: Jones, Christopher, 1949-
Μορφή: Βιβλίο
Γλώσσα:English
Δημοσίευση: Cambridge : Cambridge University Press, 1991.
Θέματα:
Ετικέτες: Προσθήκη ετικέτας
Δεν υπάρχουν, Καταχωρήστε ετικέτα πρώτοι!

MARC

LEADER 00000cam a2200000 i 4500
001 1/58240
008 020212s1991 enk| ||| |||| ||eng||
020 |a 0521378516 
035 |l 10000297 
040 |a GR-MyUa  |b gre  |e AACR2 
041 0 |a eng 
082 7 |a 428.24   |2 (21)  
100 1 |a Doff, Adrian. 
245 1 0 |a Language in use :   |b a pre-intermediate course : classroom book /   |c Adrian Doff, Christopher Jones.  
260 |a Cambridge :   |b Cambridge University Press,   |c 1991.  
300 |a 144 σ. :   |b εικ. ;   |c 30 εκ.  
650 0 |a English language  |v Textbooks for foreign speakers. 
700 1 |a Jones, Christopher,   |d 1949- 
852 |a INST  |b SYROS  |e 20020212  |h 428.24 DOF  |p 005500000649  |q 005500000649  |t BK  |y 0 
901 |a BIBL5-2002-1 
970 |a Κρητικού  |b Θωμαΐς  |z 12/02/2002